[Event "World Youth U-16 Olympiad 2018"]
[Site "Konya"]
[Date "2018.12.02"]
[Round "9"]
[White "Kistrup, Nicolai"]
[Black "Nalbant, Tuna Onat"]
[Result "0-1"]
[WhiteElo "2089"]
[BlackElo "2194"]
[Annotator "NA"]
[PlyCount "80"]
[EventDate "2018.11.25"]
[EventType "team-tourn"]
[EventCountry "TUR"]
[SourceTitle "playchess.com"]
[Source "ChessBase"]
[SourceQuality "1"]
[WhiteTeam "Denmark"]
[BlackTeam "Turkey"]
[WhiteTeamCountry "DEN"]
[BlackTeamCountry "TUR"]

1. d4 Nf6 2. c4 g6 3. Nc3 d5 4. cxd5 Nxd5 5. e4 Nxc3 6. bxc3 Bg7 7. Nf3 c5 8. Be3 Bg4 9. Rc1 O-O 10. Be2 Qa5 11. O-O Qxa2 12. Rb1 cxd4 13. cxd4 Nc6 14. d5 Na5 15. Bg5 Qa3 16. Qd2 b6 17. h3 Bxf3 18. Bxf3 Qd6 19. Rfc1 Rac8 20. Bg4 Rxc1+ 21. Qxc1 h5 22. Bf3 Qd7 23. Qa3 f6 24. Bf4 e5 25. Bd2 Nc4 26. Qa2 Nxd2 27. Qxd2 Rc8 28. Rc1 Bf8 29. Rxc8 Qxc8 30. Be2 Qc5 31. Qd3 Qb4 32. Bf1 Bc5 33. Qf3 Kg7 34. g4 h4 35. Qe2 Qd4 36. Bg2 a5 37. Qa2 a4 38. d6 a3 39. d7 Qxd7 40. Bf3 Qd4 0-1

[Event "World Youth U-16 Olympiad 2018"]
[Site "Konya"]
[Date "2018.12.02"]
[Round "9"]
[White "Briem, Stephan"]
[Black "Mhango, Banele"]
[Result "1/2-1/2"]
[WhiteElo "2083"]
[BlackElo "1828"]
[Annotator "NA"]
[PlyCount "119"]
[EventDate "2018.11.25"]
[EventType "team-tourn"]
[EventCountry "TUR"]
[SourceTitle "playchess.com"]
[Source "ChessBase"]
[SourceQuality "1"]
[WhiteTeam "Iceland"]
[BlackTeam "South Africa"]
[WhiteTeamCountry "ISL"]
[BlackTeamCountry "RSA"]

1. d4 Nf6 2. c4 g6 3. Nc3 Bg7 4. e4 d6 5. Be2 O-O 6. Be3 c5 7. e5 Ne8 8. exd6 Nxd6 9. d5 Qa5 10. Qd2 Nf5 11. Nf3 Nxe3 12. fxe3 Bg4 13. O-O Nd7 14. h3 Bxf3 15. gxf3 f5 16. f4 a6 17. Bf3 Rab8 18. a4 Nb6 19. Ne4 Qxd2 20. Nxd2 Bxb2 21. Ra2 Bc3 22. Nb3 Bb4 23. Be2 Nc8 24. Nc1 Nd6 25. Nd3 Ne4 26. Ne5 Rfd8 27. Bf3 Bd2 28. Bxe4 Bxe3+ 29. Kg2 fxe4 30. Re2 Bd4 31. Rxe4 Rd6 32. Rb1 e6 33. Nc6 exd5 34. cxd5 Rf8 35. Rxb7 Bf6 36. Ne5 Bxe5 37. Rxe5 Rf7 38. Rb8+ Kg7 39. Kf3 Rdf6 40. Re4 g5 41. Rc8 Rxf4+ 42. Rxf4 Rxf4+ 43. Kg3 Rxa4 44. Rxc5 Kf6 45. d6 Ra3+ 46. Kg4 h5+ 47. Kxh5 Rxh3+ 48. Kg4 Rh4+ 49. Kg3 Rd4 50. Rc6 a5 51. Ra6 a4 52. d7+ Ke7 53. Ra7 Kd8 54. Kf3 Rh4 55. Kg3 Rf4 56. Kh3 g4+ 57. Kg3 Rd4 58. Kh4 Rxd7 59. Rxa4 Kc7 60. Kxg4 1/2-1/2

[Event "World Youth U-16 Olympiad 2018"]
[Site "Konya"]
[Date "2018.12.02"]
[Round "9"]
[White "Kong, Ren En"]
[Black "Ozturk, Efe Hakan"]
[Result "1-0"]
[WhiteElo "2059"]
[BlackElo "2083"]
[Annotator "NA"]
[PlyCount "80"]
[EventDate "2018.11.25"]
[EventType "team-tourn"]
[EventCountry "TUR"]
[SourceTitle "playchess.com"]
[Source "ChessBase"]
[SourceQuality "1"]
[WhiteTeam "Malaysia"]
[BlackTeam "Turkey"]
[WhiteTeamCountry "MAS"]
[BlackTeamCountry "TUR"]

1. d4 Nf6 2. c4 e6 3. Nc3 d5 4. cxd5 exd5 5. Bg5 c6 6. e3 Be7 7. Bd3 Nbd7 8. Nge2 Nf8 9. Qc2 Ne6 10. Bh4 g6 11. O-O O-O 12. f3 b6 13. Bf2 c5 14. Qd2 Bb7 15. Rac1 Qd7 16. dxc5 bxc5 17. Rfd1 Rfd8 18. Bb5 Qc7 19. Ba4 Qb6 20. Bb3 Rac8 21. Qe1 Bc6 22. Nf4 c4 23. Nxe6 fxe6 24. Ba4 e5 25. Bxc6 Qxc6 26. Bh4 Rd7 27. b3 Ba3 28. Rc2 Bb4 29. bxc4 d4 30. Bxf6 Bxc3 31. Rxc3 dxc3 32. Rxd7 Qxd7 33. Qxc3 Qe6 34. Qxe5 Qxe5 35. Bxe5 Rxc4 36. a3 Kf7 37. Kf2 Ke6 38. Bd4 a5 39. g4 Kd5 40. Bf6 Rc6 1-0

[Event "World Youth U-16 Olympiad 2018"]
[Site "Konya"]
[Date "2018.12.02"]
[Round "9"]
[White "Golubovskis, Maksims"]
[Black "Moran, Darragh"]
[Result "1/2-1/2"]
[WhiteElo "2053"]
[BlackElo "1844"]
[Annotator "NA"]
[PlyCount "133"]
[EventDate "2018.11.25"]
[EventType "team-tourn"]
[EventCountry "TUR"]
[SourceTitle "playchess.com"]
[Source "ChessBase"]
[SourceQuality "1"]
[WhiteTeam "Latvia"]
[BlackTeam "Ireland"]
[WhiteTeamCountry "LAT"]
[BlackTeamCountry "IRL"]

1. Nf3 d5 2. g3 Nf6 3. c4 c6 4. Bg2 e6 5. b3 Nbd7 6. Qc2 Bd6 7. Bb2 O-O 8. O-O b6 9. d4 Bb7 10. Nbd2 Qe7 11. e4 Nxe4 12. Nxe4 dxe4 13. Qxe4 Nf6 14. Qe2 c5 15. Rad1 Rfd8 16. Ne5 Bxg2 17. Kxg2 Qb7+ 18. Qf3 Qxf3+ 19. Kxf3 Rac8 20. h3 Kf8 21. Ke3 Nd7 22. Nf3 cxd4+ 23. Bxd4 Bc5 24. Ke2 Bxd4 25. Rxd4 f6 26. Rfd1 Ke7 27. g4 e5 28. Rd5 Nf8 29. Nh4 g6 30. g5 Ne6 31. gxf6+ Kxf6 32. Ke3 Rxd5 33. Rxd5 Rd8 34. Rxd8 Nxd8 35. Ke4 Ne6 36. Nf3 Nf4 37. h4 Nh3 38. Ke3 g5 39. hxg5+ Nxg5 40. Nh4 a5 41. f4 exf4+ 42. Kxf4 Ne6+ 43. Ke4 h5 44. Ng2 Kg5 45. Kf3 Nd4+ 46. Kg3 Ne2+ 47. Kf2 Nc1 48. Ne3 Nxa2 49. Nd5 Nc1 50. Nxb6 Nxb3 51. Na4 Kf4 52. c5 Ke5 53. Nb6 Nxc5 54. Nc4+ Kf4 55. Nxa5 h4 56. Kg2 Kg4 57. Nc4 Nd3 58. Ne3+ Kf4 59. Kh3 Kg5 60. Nd1 Nf4+ 61. Kh2 Kg4 62. Nf2+ Kf3 63. Nd3 Ng6 64. Kh3 Ke4 65. Ne1 Kf4 66. Ng2+ Kg5 67. Nxh4 1/2-1/2

[Event "World Youth U-16 Olympiad 2018"]
[Site "Konya"]
[Date "2018.12.02"]
[Round "9"]
[White "Adiguzel, Ufuk Alp"]
[Black "Di, Xu Wei"]
[Result "0-1"]
[WhiteElo "2019"]
[BlackElo "1947"]
[Annotator "NA"]
[PlyCount "63"]
[EventDate "2018.11.25"]
[EventType "team-tourn"]
[EventCountry "TUR"]
[SourceTitle "playchess.com"]
[Source "ChessBase"]
[SourceQuality "1"]
[WhiteTeam "Turkey"]
[BlackTeam "Malaysia"]
[WhiteTeamCountry "TUR"]
[BlackTeamCountry "MAS"]

1. e4 c5 2. Nf3 Nc6 3. d4 cxd4 4. Nxd4 g6 5. c4 Bg7 6. Be3 Nf6 7. Nc3 d6 8. Be2 O-O 9. O-O Bd7 10. f3 Nxd4 11. Bxd4 Bc6 12. Qd2 Qa5 13. Be3 Rfc8 14. a3 Qh5 15. b4 a6 16. Rac1 Bd7 17. a4 Be6 18. g4 Qh3 19. Nd5 Bxd5 20. cxd5 Nd7 21. Rf2 Ne5 22. Qd1 Nxg4 23. Bf1 Nxf2 24. Bxh3 Nxd1 25. Bxc8 Nxe3 26. Bxb7 Rb8 27. Rc7 Bd4 28. Kh1 Kf8 29. b5 axb5 30. axb5 Bb6 31. Rd7 g5 32. h4 0-1

[Event "World Youth U-16 Olympiad 2018"]
[Site "Konya"]
[Date "2018.12.02"]
[Round "9"]
[White "Bulatova, Kamaliya"]
[Black "Gharibyan, Mamikon"]
[Result "0-1"]
[WhiteElo "2007"]
[BlackElo "2306"]
[Annotator "NA"]
[PlyCount "106"]
[EventDate "2018.11.25"]
[EventType "team-tourn"]
[EventCountry "TUR"]
[SourceTitle "playchess.com"]
[Source "ChessBase"]
[SourceQuality "1"]
[WhiteTeam "Russia"]
[BlackTeam "Armenia"]
[WhiteTeamCountry "RUS"]
[BlackTeamCountry "ARM"]

1. d4 Nf6 2. c4 e6 3. Nc3 Bb4 4. e3 O-O 5. Bd3 d5 6. Nf3 b6 7. O-O Bb7 8. cxd5 exd5 9. Ne5 Nbd7 10. f4 c5 11. Bd2 cxd4 12. exd4 Bxc3 13. Bxc3 Re8 14. Qf3 Nf8 15. f5 Ne4 16. Qh5 g6 17. Qh6 Qg5 18. Nxf7 Qxh6 19. Nxh6+ Kg7 20. Ng4 gxf5 21. Ne3 Nxc3 22. Nxf5+ Kh8 23. bxc3 Re6 24. Rf3 Ng6 25. Raf1 Rc8 26. Bb5 Rc7 27. Nh6 Bc6 28. Bd3 Be8 29. Bf5 Re2 30. Rh3 Rxa2 31. Re1 Bb5 32. Rg3 Re7 33. Rge3 Rxe3 34. Rxe3 Kg7 35. Ng4 Ra1+ 36. Kf2 Rf1+ 37. Kg3 Rxf5 38. h4 h5 39. Nh2 a5 40. Re6 Rf6 41. Re1 Nf4 42. Nf3 Ne2+ 43. Kh2 a4 44. Ne5 Nxc3 45. Rc1 Ne2 46. Rc7+ Kg8 47. Nf3 Bc4 48. Ng5 a3 49. Rc8+ Kg7 50. Rc7+ Kg6 51. Ra7 a2 52. Nf3 Rxf3 53. gxf3 Nxd4 0-1

[Event "World Youth U-16 Olympiad 2018"]
[Site "Konya"]
[Date "2018.12.02"]
[Round "9"]
[White "Modi, Yashil"]
[Black "Stefansson, Vignir Vatnar"]
[Result "1/2-1/2"]
[WhiteElo "1955"]
[BlackElo "2266"]
[Annotator "NA"]
[PlyCount "88"]
[EventDate "2018.11.25"]
[EventType "team-tourn"]
[EventCountry "TUR"]
[SourceTitle "playchess.com"]
[Source "ChessBase"]
[SourceQuality "1"]
[WhiteTeam "South Africa"]
[BlackTeam "Iceland"]
[WhiteTeamCountry "RSA"]
[BlackTeamCountry "ISL"]

1. d4 f5 2. Nf3 Nf6 3. g3 g6 4. Bg2 Bg7 5. O-O O-O 6. b3 d6 7. Bb2 c6 8. Nbd2 Na6 9. c4 e5 10. dxe5 Ng4 11. e4 Nxe5 12. Nxe5 dxe5 13. exf5 gxf5 14. Qe2 Qe7 15. Rfe1 Re8 16. Bf3 e4 17. Bxg7 Qxg7 18. Bh5 Rd8 19. Rad1 Be6 20. f3 Nb4 21. fxe4 Nd3 22. exf5 Bxf5 23. Rf1 Bh3 24. Rf3 Ne5 25. Re3 Ng4 26. Re4 Nf6 27. Re7 Qg5 28. Re5 Qg7 29. Bf3 Re8 30. Nf1 Rxe5 31. Qxe5 Re8 32. Qd4 Nd7 33. Qxg7+ Kxg7 34. Nd2 Bf5 35. Ne4 Ne5 36. Bg2 Nxc4 37. bxc4 Bxe4 38. Rd7+ Kg6 39. Bxe4+ Rxe4 40. Rxb7 Rxc4 41. Rxa7 Rc2 42. a4 h5 43. a5 Ra2 44. Rc7 Rxa5 1/2-1/2

[Event "World Youth U-16 Olympiad 2018"]
[Site "Konya"]
[Date "2018.12.02"]
[Round "9"]
[White "Eng, Jia Qian"]
[Black "Gokcek, Kursat Bugra"]
[Result "1/2-1/2"]
[WhiteElo "1942"]
[BlackElo "2010"]
[Annotator "NA"]
[PlyCount "73"]
[EventDate "2018.11.25"]
[EventType "team-tourn"]
[EventCountry "TUR"]
[SourceTitle "playchess.com"]
[Source "ChessBase"]
[SourceQuality "1"]
[WhiteTeam "Malaysia"]
[BlackTeam "Turkey"]
[WhiteTeamCountry "MAS"]
[BlackTeamCountry "TUR"]

1. d4 Nf6 2. c4 g6 3. Nf3 Bg7 4. g3 O-O 5. Bg2 d6 6. O-O c5 7. d5 b5 8. cxb5 a6 9. bxa6 Nxa6 10. Nc3 Nb4 11. Re1 Bb7 12. e4 Ba6 13. e5 Ng4 14. exd6 exd6 15. Bf1 Qb6 16. h3 Bxf1 17. Rxf1 Nf6 18. Bf4 Qa6 19. Qd2 Nh5 20. Bh6 Rab8 21. Bxg7 Kxg7 22. Ne4 Qd3 23. Qxd3 Nxd3 24. b3 Rfd8 25. Rfd1 Nb4 26. Rd2 Nf6 27. Nxf6 Kxf6 28. a3 Ra8 29. Ne1 Rdb8 30. a4 Kg7 31. Kf1 Ra5 32. Ra3 Re8 33. Nc2 Nxc2 34. Rxc2 Re4 35. Raa2 Rd4 36. Rd2 Rb4 37. Ra3 1/2-1/2

[Event "World Youth U-16 Olympiad 2018"]
[Site "Konya"]
[Date "2018.12.02"]
[Round "9"]
[White "Verbin, Valentina"]
[Black "Malicka, Maria"]
[Result "1-0"]
[WhiteElo "1938"]
[BlackElo "2013"]
[Annotator "NA"]
[PlyCount "97"]
[EventDate "2018.11.25"]
[EventType "team-tourn"]
[EventCountry "TUR"]
[SourceTitle "playchess.com"]
[Source "ChessBase"]
[SourceQuality "1"]
[WhiteTeam "Moldova"]
[BlackTeam "Poland"]
[WhiteTeamCountry "MDA"]
[BlackTeamCountry "POL"]

1. e4 e5 2. Nf3 Nc6 3. Bb5 a6 4. Ba4 Nf6 5. O-O b5 6. Bb3 Bc5 7. c3 d6 8. a4 Rb8 9. d4 Bb6 10. a5 Ba7 11. Be3 exd4 12. cxd4 Bg4 13. Qc1 Ne7 14. e5 Nd7 15. Ng5 d5 16. f4 h6 17. Nf3 O-O 18. Nh4 c5 19. f5 cxd4 20. Bxh6 f6 21. exf6 gxh6 22. fxe7 Qxe7 23. Bxd5+ Kg7 24. Qc7 Bc5 25. Be6 d3+ 26. Kh1 Qxe6 27. Qg3 h5 28. Nd2 Qd6 29. Rf4 Kh7 30. Ne4 Qh6 31. Rc1 Bd6 32. Nxd6 Qxd6 33. Rxg4 Qxg3 34. Rxg3 d2 35. Rd1 Rbe8 36. Nf3 Rxf5 37. Kg1 Nc5 38. Rxd2 Re7 39. Rg5 Rxg5 40. Nxg5+ Kg6 41. h4 Kf5 42. Nf3 Rd7 43. Rxd7 Nxd7 44. Kf2 Nc5 45. Ke3 Nb3 46. Nd4+ Nxd4 47. Kxd4 Kg4 48. Kc5 Kxh4 49. Kb6 1-0

[Event "World Youth U-16 Olympiad 2018"]
[Site "Konya"]
[Date "2018.12.02"]
[Round "9"]
[White "Heidarsson, Arnar"]
[Black "Dhevcharran, Kahill"]
[Result "1/2-1/2"]
[WhiteElo "1926"]
[BlackElo "1561"]
[Annotator "NA"]
[PlyCount "117"]
[EventDate "2018.11.25"]
[EventType "team-tourn"]
[EventCountry "TUR"]
[SourceTitle "playchess.com"]
[Source "ChessBase"]
[SourceQuality "1"]
[WhiteTeam "Iceland"]
[BlackTeam "South Africa"]
[WhiteTeamCountry "ISL"]
[BlackTeamCountry "RSA"]

1. d4 d5 2. c4 c6 3. Nc3 Nf6 4. cxd5 cxd5 5. f3 e6 6. e4 dxe4 7. fxe4 Bb4 8. Bg5 h6 9. Bxf6 Qxf6 10. Nf3 O-O 11. a3 Ba5 12. b4 Bb6 13. Na4 Bc7 14. e5 Qe7 15. Bd3 Nc6 16. O-O Rd8 17. Be4 Nxd4 18. Rc1 Nxf3+ 19. Qxf3 Bxe5 20. Rfd1 Rb8 21. Qe3 b6 22. Rxd8+ Qxd8 23. Bh7+ Kxh7 24. Qxe5 Bb7 25. Rf1 Kg8 26. Qf4 Qe8 27. Qc7 Ba6 28. Rf3 Rb7 29. Qc2 Qd7 30. Rc3 Qd4+ 31. Kh1 Rd7 32. h3 e5 33. Nb2 e4 34. Qc1 Qd2 35. a4 Qxc1+ 36. Rxc1 Rd2 37. Nd1 Bd3 38. Nc3 Rc2 39. Rxc2 Bxc2 40. Kg1 Kf8 41. Kf2 Ke7 42. Ke3 Bd3 43. g3 Ke6 44. a5 bxa5 45. bxa5 a6 46. Kd4 f5 47. h4 g5 48. hxg5 hxg5 49. Nd5 Kd6 50. Nf6 Ke6 51. Nd5 Kf7 52. Ke5 Kg7 53. Ne3 f4 54. gxf4 gxf4 55. Nf5+ Kf7 56. Kxf4 Ke6 57. Ng3 Kd5 58. Ke3 Ke5 59. Nxe4 1/2-1/2

[Event "World Youth U-16 Olympiad 2018"]
[Site "Konya"]
[Date "2018.12.02"]
[Round "9"]
[White "Duran, Esma Doga"]
[Black "Stevanic, David"]
[Result "1-0"]
[WhiteElo "1908"]
[BlackElo "2322"]
[Annotator "NA"]
[PlyCount "93"]
[EventDate "2018.11.25"]
[EventType "team-tourn"]
[EventCountry "TUR"]
[SourceTitle "playchess.com"]
[Source "ChessBase"]
[SourceQuality "1"]
[WhiteTeam "Turkey"]
[BlackTeam "Slovenia"]
[WhiteTeamCountry "TUR"]
[BlackTeamCountry "SLO"]

1. d4 Nf6 2. c4 g6 3. Nc3 Bg7 4. e4 d6 5. Nf3 O-O 6. Be2 e5 7. O-O Nc6 8. d5 Ne7 9. b4 Nh5 10. Re1 f5 11. Ng5 Nf6 12. Bf3 c6 13. Be3 h6 14. Ne6 Bxe6 15. dxe6 b6 16. Qb3 Qc8 17. Rad1 f4 18. Bc1 g5 19. Rxd6 g4 20. Be2 Qe8 21. c5 f3 22. gxf3 Qh5 23. Qd1 Qh4 24. Be3 Nh7 25. fxg4 bxc5 26. bxc5 Ng5 27. Kh1 Nh3 28. Rf1 Nf4 29. f3 Rab8 30. Qe1 Qf6 31. Qd2 Kh7 32. Bc4 Rb4 33. Bb3 Rfb8 34. Ne2 a5 35. Nxf4 exf4 36. Bxf4 Ng6 37. Bg3 a4 38. Bc2 Rb2 39. e5 Qe7 40. Qd3 Rxc2 41. Qxc2 a3 42. h4 Rb2 43. Qf5 Rxa2 44. h5 Kh8 45. Qxg6 Qf8 46. Bh4 Bxe5 47. Rd8 1-0

[Event "World Youth U-16 Olympiad 2018"]
[Site "Konya"]
[Date "2018.12.02"]
[Round "9"]
[White "Aubert, Estee"]
[Black "Zhalmakhanov, Ramazan"]
[Result "0-1"]
[WhiteElo "1907"]
[BlackElo "2318"]
[Annotator "NA"]
[PlyCount "108"]
[EventDate "2018.11.25"]
[EventType "team-tourn"]
[EventCountry "TUR"]
[SourceTitle "playchess.com"]
[Source "ChessBase"]
[SourceQuality "1"]
[WhiteTeam "France"]
[BlackTeam "Kazakhstan"]
[WhiteTeamCountry "FRA"]
[BlackTeamCountry "KAZ"]

1. d4 Nf6 2. Bf4 c5 3. e3 g6 4. Nc3 Bg7 5. Nf3 O-O 6. Be2 Qb6 7. Rb1 d6 8. h3 cxd4 9. exd4 Bf5 10. Bd3 Be6 11. Be3 Qa5 12. O-O Nc6 13. a3 Rac8 14. Ne2 Bf5 15. Bd2 Qb6 16. Bxf5 gxf5 17. Ng3 e6 18. Bf4 Ne7 19. c3 Ng6 20. Bd2 Qc6 21. Re1 f4 22. Nf1 Rfe8 23. b3 e5 24. c4 e4 25. d5 Qd7 26. N3h2 h5 27. Bc1 Qf5 28. Bb2 Ne5 29. Bxe5 Rxe5 30. Rc1 Kh7 31. f3 e3 32. Re2 b5 33. Qe1 Bh6 34. Kh1 bxc4 35. bxc4 Re7 36. Qb4 Qe5 37. Rd1 Nd7 38. Nd2 Nc5 39. Nb1 Rb7 40. Qe1 Na4 41. Qh4 Qg5 42. Qe1 Rxc4 43. Rc1 Rxc1 44. Qxc1 Qf5 45. Rc2 Bg7 46. Qd1 Nb2 47. Qe2 Qd3 48. Nf1 Qxe2 49. Rxe2 Nd3 50. Nbd2 Rb2 51. Kh2 h4 52. a4 Bc3 53. Ne4 Rxe2 54. Nxc3 Re1 0-1

[Event "World Youth U-16 Olympiad 2018"]
[Site "Konya"]
[Date "2018.12.02"]
[Round "9"]
[White "Sankova, Stella"]
[Black "Pipiras, Filipa Fortuna"]
[Result "1-0"]
[WhiteElo "1907"]
[BlackElo "1940"]
[Annotator "NA"]
[PlyCount "67"]
[EventDate "2018.11.25"]
[EventType "team-tourn"]
[EventCountry "TUR"]
[SourceTitle "playchess.com"]
[Source "ChessBase"]
[SourceQuality "1"]
[WhiteTeam "Slovakia"]
[BlackTeam "Portugal"]
[WhiteTeamCountry "SVK"]
[BlackTeamCountry "POR"]

1. e4 e5 2. Nf3 Nc6 3. Bc4 Bc5 4. c3 Nf6 5. d3 a6 6. Bb3 Ba7 7. Nbd2 h6 8. h3 O-O 9. Nf1 d5 10. Qe2 Re8 11. Ng3 Be6 12. Nh2 Qd7 13. Qf3 dxe4 14. dxe4 Bxb3 15. axb3 Qe6 16. Nf5 Nh7 17. Ng4 h5 18. Nge3 g6 19. Nh6+ Kg7 20. Nd5 Rac8 21. g4 h4 22. g5 Ne7 23. Nxe7 Qxe7 24. Qg4 Qe6 25. Qxh4 Qxb3 26. Ng4 Qe6 27. Nf6 Nxf6 28. gxf6+ Kg8 29. Bh6 Bxf2+ 30. Qxf2 Qc6 31. Qh4 Qb6 32. O-O-O Qa5 33. Kb1 Re6 34. Bg7 1-0

[Event "World Youth U-16 Olympiad 2018"]
[Site "Konya"]
[Date "2018.12.02"]
[Round "9"]
[White "Kuhar, Larisa"]
[Black "Schneider, Jana"]
[Result "1-0"]
[WhiteElo "1903"]
[BlackElo "2213"]
[Annotator "NA"]
[PlyCount "50"]
[EventDate "2018.11.25"]
[EventType "team-tourn"]
[EventCountry "TUR"]
[SourceTitle "playchess.com"]
[Source "ChessBase"]
[SourceQuality "1"]
[WhiteTeam "Slovenia"]
[BlackTeam "Germany"]
[WhiteTeamCountry "SLO"]
[BlackTeamCountry "GER"]

1. e4 e6 2. Nf3 d5 3. Nc3 Nf6 4. e5 Nfd7 5. d4 c5 6. dxc5 Bxc5 7. Bd3 Nc6 8. Bf4 f6 9. exf6 Nxf6 10. Qe2 O-O 11. O-O-O Qa5 12. Kb1 Nb4 13. Be5 Nxd3 14. cxd3 Ng4 15. Bg3 b5 16. h3 Nh6 17. d4 b4 18. Nb5 Bb6 19. Nd6 b3 20. axb3 Bd7 21. Ne5 Be8 22. Nxe8 Qb4 23. Nc6 Qxb3 24. Qxe6+ Kh8 25. Nxg7 Nf7 1-0

[Event "World Youth U-16 Olympiad 2018"]
[Site "Konya"]
[Date "2018.12.02"]
[Round "9"]
[White "Tezayak, Matthias"]
[Black "Isik, Alparslan"]
[Result "0-1"]
[WhiteElo "1887"]
[BlackElo "2220"]
[Annotator "NA"]
[PlyCount "68"]
[EventDate "2018.11.25"]
[EventType "team-tourn"]
[EventCountry "TUR"]
[SourceTitle "playchess.com"]
[Source "ChessBase"]
[SourceQuality "1"]
[WhiteTeam "Switzerland"]
[BlackTeam "Turkey"]
[WhiteTeamCountry "SUI"]
[BlackTeamCountry "TUR"]

1. d4 Nf6 2. Nf3 g6 3. c4 Bg7 4. Nc3 d5 5. e3 O-O 6. Bd3 c5 7. cxd5 cxd4 8. exd4 Nxd5 9. O-O Nc6 10. Be4 Nb6 11. d5 Nb4 12. Qb3 Na6 13. Be3 Nd7 14. Qc4 Nf6 15. Nd4 Nxe4 16. Nxe4 Nc7 17. Nc3 Ne8 18. Ndb5 a6 19. Nd4 Nd6 20. Qb3 Bd7 21. Na4 Bxa4 22. Qxa4 b5 23. Qb3 Nc4 24. Nc6 Qd6 25. a4 e6 26. axb5 exd5 27. Rfd1 axb5 28. Qxb5 Nxb2 29. Bc5 Nxd1 30. Rxa8 Qf4 31. Ra2 Nc3 32. Be3 Qe4 33. Qb3 Nxa2 34. Qxa2 d4 0-1

[Event "World Youth U-16 Olympiad 2018"]
[Site "Konya"]
[Date "2018.12.02"]
[Round "9"]
[White "Anacoglu, Cisel"]
[Black "Urh, Zala"]
[Result "1-0"]
[WhiteElo "1866"]
[BlackElo "2083"]
[Annotator "NA"]
[PlyCount "125"]
[EventDate "2018.11.25"]
[EventType "team-tourn"]
[EventCountry "TUR"]
[SourceTitle "playchess.com"]
[Source "ChessBase"]
[SourceQuality "1"]
[WhiteTeam "Turkey"]
[BlackTeam "Slovenia"]
[WhiteTeamCountry "TUR"]
[BlackTeamCountry "SLO"]

1. e4 e5 2. Nf3 Nc6 3. Bb5 Nf6 4. d3 Bc5 5. Bxc6 dxc6 6. h3 Nd7 7. Be3 Bd6 8. Nbd2 O-O 9. Nc4 Re8 10. O-O Nb6 11. Bxb6 axb6 12. Nxd6 Qxd6 13. a4 Bd7 14. Qe2 b5 15. axb5 cxb5 16. Rfd1 c5 17. Rxa8 Rxa8 18. c3 Be6 19. d4 Bb3 20. Rc1 Bc4 21. Qe3 exd4 22. cxd4 cxd4 23. Qxd4 Qxd4 24. Nxd4 g6 25. Rd1 Rd8 26. Rd2 Rd7 27. f4 Kf8 28. b3 Ke7 29. bxc4 bxc4 30. Nf3 Rc7 31. Ne1 c3 32. Rd1 Rc4 33. Rb1 b5 34. Nc2 Rxe4 35. Rxb5 Kd6 36. Rb3 Rc4 37. g3 Ke6 38. Kf2 h5 39. h4 f6 40. Ke2 g5 41. Kd3 Rc5 42. Nd4+ Kd5 43. fxg5 fxg5 44. hxg5 Kd6 45. Rb5 Rc8 46. g6 Ke7 47. Rb6 Kf8 48. Rb7 Kg8 49. Rf7 c2 50. Nxc2 Rc6 51. Rf3 Rxg6 52. Nd4 Rg4 53. Nf5 Kh7 54. Rf4 Rg5 55. Ke4 Kg6 56. Ke5 Kh7 57. Ra4 Rg6 58. Ra7+ Kh8 59. Rf7 Ra6 60. Rf6 Ra5+ 61. Kf4 Kg8 62. Kg5 h4 63. Kg6 1-0

[Event "World Youth U-16 Olympiad 2018"]
[Site "Konya"]
[Date "2018.12.02"]
[Round "9"]
[White "Prasitsoonthorn, Teerachoti"]
[Black "Quiroga Jaquez, Angel Ivan"]
[Result "1/2-1/2"]
[WhiteElo "1849"]
[BlackElo "2038"]
[Annotator "NA"]
[PlyCount "96"]
[EventDate "2018.11.25"]
[EventType "team-tourn"]
[EventCountry "TUR"]
[SourceTitle "playchess.com"]
[Source "ChessBase"]
[SourceQuality "1"]
[WhiteTeam "Thailand"]
[BlackTeam "Mexico"]
[WhiteTeamCountry "THA"]
[BlackTeamCountry "MEX"]

1. c4 e5 2. g3 g6 3. Bg2 Bg7 4. Nc3 Nc6 5. e3 d6 6. Nge2 f5 7. b3 Nf6 8. Bb2 O-O 9. O-O Ne7 10. d4 e4 11. d5 g5 12. f3 exf3 13. Bxf3 Ng6 14. Qd2 Qe7 15. Rae1 Bd7 16. Bg2 Rae8 17. Nd4 Ne4 18. Nxe4 fxe4 19. Rxf8+ Rxf8 20. Qc2 Re8 21. Rf1 g4 22. Kh1 Qg5 23. Bc1 Qe5 24. Bd2 c6 25. dxc6 bxc6 26. Ne2 Qe7 27. Nc3 d5 28. cxd5 Bxc3 29. Bxc3 cxd5 30. Qd2 Be6 31. Qd4 Rf8 32. Rxf8+ Nxf8 33. Qh8+ Kf7 34. Bf1 Qg5 35. Qd4 Qe7 36. Bb5 Kg6 37. Qa4 Bd7 38. Qxa7 Qf7 39. Qa6+ Ne6 40. Be2 Qf2 41. Bxg4 Qxe3 42. Bxe6 Qf3+ 43. Kg1 Qe3+ 44. Kg2 Qf3+ 45. Kh3 Qh5+ 46. Kg2 Qf3+ 47. Kg1 Qe3+ 48. Kf1 Qf3+ 1/2-1/2

[Event "World Youth U-16 Olympiad 2018"]
[Site "Konya"]
[Date "2018.12.02"]
[Round "9"]
[White "Cui, Cynthia"]
[Black "Kerimkulov, Omurbek"]
[Result "0-1"]
[WhiteElo "1848"]
[BlackElo "1557"]
[Annotator "NA"]
[PlyCount "140"]
[EventDate "2018.11.25"]
[EventType "team-tourn"]
[EventCountry "TUR"]
[SourceTitle "playchess.com"]
[Source "ChessBase"]
[SourceQuality "1"]
[WhiteTeam "Canada"]
[BlackTeam "Kyrgyzstan"]
[WhiteTeamCountry "CAN"]
[BlackTeamCountry "KGZ"]

1. c4 Nf6 2. Nc3 g6 3. g3 Bg7 4. Bg2 O-O 5. Nf3 c6 6. d4 d5 7. cxd5 Nxd5 8. O-O Nxc3 9. bxc3 c5 10. Bf4 cxd4 11. cxd4 Nc6 12. Be3 Bf5 13. Qb3 Rb8 14. Rfd1 Be4 15. Rac1 Qd5 16. Qxd5 Bxd5 17. a3 Rfd8 18. Bf4 Rbc8 19. e3 e6 20. Rb1 b6 21. g4 Na5 22. Rbc1 Bf8 23. a4 Bb3 24. Rxc8 Rxc8 25. Ra1 Rc4 26. Nd2 Rb4 27. Nxb3 Nxb3 28. Ra2 Nc1 29. Ra1 Ne2+ 30. Kf1 Nxf4 31. exf4 Rxd4 32. Bc6 Rxf4 33. h3 Bc5 34. Ra2 Kf8 35. Kg2 Ke7 36. Rd2 Rd4 37. Rxd4 Bxd4 38. f4 Kd6 39. Be8 f6 40. Kf3 g5 41. fxg5 fxg5 42. Ke4 Bc3 43. Bb5 Kc5 44. Kd3 Ba1 45. Bd7 Kb4 46. Bb5 Bb2 47. Kc2 Be5 48. Kd3 h6 49. Ke4 Bb2 50. Kd3 Bg7 51. Bd7 a6 52. Bc8 Kxa4 53. Bxa6 b5 54. Bb7 b4 55. Kc2 b3+ 56. Kb1 Kb4 57. Bc8 e5 58. Bf5 Kc3 59. Bg6 Bf8 60. Kc1 Bc5 61. Bf5 Be3+ 62. Kb1 b2 63. Bg6 Bd4 64. Bf5 Kd2 65. Ka2 Ke3 66. Kb3 e4 67. Kc2 Kf3 68. Bg6 e3 69. Bd3 e2 70. Kd2 Kf2 0-1

[Event "World Youth U-16 Olympiad 2018"]
[Site "Konya"]
[Date "2018.12.02"]
[Round "9"]
[White "Golsta, Ramona"]
[Black "Moran, Hugh"]
[Result "1/2-1/2"]
[WhiteElo "1819"]
[BlackElo "1498"]
[Annotator "NA"]
[PlyCount "71"]
[EventDate "2018.11.25"]
[EventType "team-tourn"]
[EventCountry "TUR"]
[SourceTitle "playchess.com"]
[Source "ChessBase"]
[SourceQuality "1"]
[WhiteTeam "Latvia"]
[BlackTeam "Ireland"]
[WhiteTeamCountry "LAT"]
[BlackTeamCountry "IRL"]

1. e4 d6 2. d4 Nf6 3. Nc3 Nbd7 4. Nf3 e5 5. dxe5 dxe5 6. Bg5 Be7 7. Bd3 O-O 8. O-O b6 9. Qe2 Bb7 10. Rad1 c6 11. a4 a5 12. Nb1 Qc7 13. Nbd2 Rfe8 14. Nc4 Bf8 15. c3 g6 16. Bc2 Ba6 17. Bd3 Bxc4 18. Bxc4 Bg7 19. Bh4 Nc5 20. Ng5 Rf8 21. Bg3 h6 22. Nf3 Nh5 23. Nh4 Nxg3 24. fxg3 Kh7 25. Qg4 Qc8 26. Qxc8 Raxc8 27. Bxf7 g5 28. Bg6+ Kh8 29. Nf5 Rf6 30. Ne7 Rcf8 31. Rxf6 Bxf6 32. Nf5 Rd8 33. Be8 Nxa4 34. Bxc6 Nxb2 35. Nxh6 Kg7 36. Nf5+ 1/2-1/2